000 01082nam a2200301 a 4500
003 OSt
005 20251119114212.0
008
020 _a9780323430265 (paperback)
040 _aNUST
_cNUST
_beng
_dNUST
_erda
050 _aR690 JOB
245 1 0 _aJob readiness for health professionals soft skills strategies for success/
_c William G Brottmiller.
250 _aSecond edition.
260 _aSt. Louis, Missouri :
_bElsevier/Saunders,
_c©2016.
300 _ax, 406 pages :
_bcolour illustrations ;
_c28 cm.
336 _atext
_btxt
_2rdacontent
337 _aunmediated
_bn
_2rdamedia
338 _avolume
_bnc
_2rdacarrier
504 _aIncludes bibliographical references.
650 1 _aHealth occupations.
650 _aVocational guidance.
700 _aBrottmiller, William G.,
_aauthor.
700 _aHaroun, Lee.,
_aauthor.
700 _aJawad, Michele.,
_aauthor.
700 _aKelly, Jennifer.,
_aauthor.
700 _aRose, Kelly A.,
_aauthor.
942 _cBOOKS
_kR690
_mJOB
_2lcc
_eSEcond edition
_hR690 JOB
_n0
999 _c121572
_d121572